000 00716nam a2200217Ii 4500
003 JO-AjNU
008 230605s9999||||xx |||||||||||||| ||und||
017 _a2009/5/1563
040 _aJO-AjNU
_bara
_erda
_cJO-AjNU
041 _aara
050 1 4 _aPJ7850.U732.J27 2009
100 3 _aتأليف مصطفى،ذي النون يونس,
_eauthor
_924823
245 0 0 _aجسر على وادي الرماد: شعر
250 _aط1
264 3 1 _aعمان:دار المأمون للنشر والتوزيع،2009
300 _a322ص
336 _atext
_btxt
_2rdacontent
337 _aunmediated
_bn
_2rdamedia
338 _avolume
_bnc
_2rdacarrier
650 4 _aالشعر العربي - العصر الحديث
_924824
999 _aA9202
_c12770
_d12770